000 00538nam a2200157 i 4500
001 39412
003 ES-MaACL
005 20230906155954.0
007 t|
008 030303s1951 sp ||||1| spa d
100 1 _aCampins de Codina, Antonio.
_934178
245 1 0 _aTecnología química de los barnices y pinturas
_b: descripción de las primeras materias... /
_cAntonio Campins de Codina.
260 _aBarcelona :
_bReverté,
_c1951 (
_fMariano Galve)
300 _aVIII, 320 p. :
_bil. ;
_c26 cm.
852 _aES-MaACL
_jD-7090
_bR.31253
999 _c39412
_d39412